01578nam a2200277uu 4500001000800000005001700008008004100025020001500066035001200081040001300093041000800106082000800114111010500122245013500227246004600362260004700408300004000455500010100495505053400596650002901130650002201159650003301181650002301214700002801237700003501265154301220260508094145.0200309s1985 eng  a286332036X a1543012 ccomduadb aeng 4a52320aCargese Summer School on Fundamental Interactions and Cosmology (1984 : Cargese, Francia),4auteaut10aFundamental interactions and cosmology : proceedings of the 1984 Cargese Summer School, Cargese, Corsica -France, July 14-31, 19841 aInteractions fondamentales et cosmologie. aFrancia :bÉditions Frontières,c1985. aix, 520 páginas :bilustraciones. aGENERAL : Texto publicado con la asistencia del Centro Nacional de Investigación Científica. aCONTENIDO : Física de partículas y teorías de Gauge. -- Una introducción elemental a la teoría de Gauge. -- Teorías de campo unificadas. -- El paradigma inflacionario. -- Un universo inflacionario de supergravedad máximamente simétrico. -- Agrupamiento de gran tamaño en el universo en expansión. -- Formación de galaxias. -- Cosmología observacional: los grandes proyectos. -- Problemas actuales para la observación astronómica en lo visible. -- Cosmología observacional, los principales proyectos. aFísica de partículas aTeoría de Gauge aTeoría del campo unificado 7aCosmología2lemb10aAudouze, Jean4edteedt10aThanh Van, Jean Tran4edteedt